Folklore e letteratura /
Guardado en:
| Autor Principal: | |
|---|---|
| Formato: | Libro |
| Idioma: | Italian |
| Publicado: |
Firenze :
L. Olschki,
1954.
|
| Etiquetas: |
Agregar Etiqueta
Sin Etiquetas, Sea el primero en etiquetar este registro!
|
| LEADER | 00410nam a22001455a 4500 | ||
|---|---|---|---|
| 001 | EUN.um024883 | ||
| 003 | AR-BaUNS | ||
| 005 | 20050623122902.0 | ||
| 008 | 041125s1954####it############000#0#ita#d | ||
| 245 | 1 | 0 | |a Folklore e letteratura / |c Giovanni Crocioni. |
| 260 | |a Firenze : |b L. Olschki, |c 1954. | ||
| 300 | |a 108 p. | ||
| 100 | 1 | |a Crocioni, Giovanni. | |
| 082 | 0 | 4 | |a 398 |
| 859 | |a Ar-BaUNS |b BIB. CENTRAL - Sector C |h 398 |i C872 |p 620/963 | ||
